European valuation standards 2012 (Record no. 114547)
[ view plain ]
| 000 -LEADER | |
|---|---|
| fixed length control field | 01303cad a22002535a 4500 |
| 001 - CONTROL NUMBER | |
| control field | L157025 |
| 008 - FIXED-LENGTH DATA ELEMENTS--GENERAL INFORMATION | |
| fixed length control field | 120814s2012 xxk f 000 0 eng d |
| 020 ## - INTERNATIONAL STANDARD BOOK NUMBER | |
| International Standard Book Number | 9789081906005 |
| 035 ## - SYSTEM CONTROL NUMBER | |
| System control number | (Sirsi) u157025 |
| 041 0# - LANGUAGE CODE | |
| Language code of text/sound track or separate title | eng |
| 110 2# - MAIN ENTRY--CORPORATE NAME | |
| Corporate name or jurisdiction name as entry element | TEGoVA |
| 9 (RLIN) | 3466 |
| 245 00 - TITLE STATEMENT | |
| Title | European valuation standards 2012 |
| Medium | [electronic resource] |
| 250 ## - EDITION STATEMENT | |
| Edition statement | 7th ed. |
| 260 ## - PUBLICATION, DISTRIBUTION, ETC. | |
| Place of publication, distribution, etc. | [S.l.] |
| Name of publisher, distributor, etc. | TEGoVA |
| Date of publication, distribution, etc. | 2012 |
| 505 2# - FORMATTED CONTENTS NOTE | |
| Formatted contents note | Part 1 European valuation and applications -- Part 2 European Union legislation and property valuation -- Part 3 other technical documents |
| 520 ## - SUMMARY, ETC. | |
| Summary, etc. | The standards (also known as the 'Blue Book') are intended to serve the needs of valuers who are members of the 45 valuers' associations from 26 countries representing the membership of TEGoVA. Provides a new and updated set of valuation standards to ensure valuations are consistent across Europe. The standards do not address any country specific issues or valuation methodology. |
| 520 ## - SUMMARY, ETC. | |
| Summary, etc. | Supersedes 6th edition 2009 (ISBN 9789090241388) (L147168) |
| 590 ## - LOCAL NOTE (RLIN) | |
| Local note | KA |
| 650 24 - SUBJECT ADDED ENTRY--TOPICAL TERM | |
| Topical term or geographic name entry element | TEGOVA EUROPEAN VALUATION STANDARDS |
| 651 #4 - SUBJECT ADDED ENTRY--GEOGRAPHIC NAME | |
| Geographic name | Europe |
| 690 ## - LOCAL SUBJECT ADDED ENTRY--TOPICAL TERM (OCLC, RLIN) | |
| Topical term or geographic name as entry element | Valuation |
| 9 (RLIN) | 6273 |
| 856 40 - ELECTRONIC LOCATION AND ACCESS | |
| Uniform Resource Identifier | <a href="https://web.archive.org/web/20130226155701/http://www.tegova.org/data/bin/4fe1febe8fd1c_EVS+2012.pdf">https://web.archive.org/web/20130226155701/http://www.tegova.org/data/bin/4fe1febe8fd1c_EVS+2012.pdf</a> |
| Public note | Archived publication available |
| 942 ## - ADDED ENTRY ELEMENTS (KOHA) | |
| Suppress in OPAC | 0 |
| Source of classification or shelving scheme | Dewey Decimal Classification |
| Withdrawn status | Lost status | Source of classification or shelving scheme | Damaged status | Not for loan | Home library | Current library | Shelving location | Date acquired | Total Checkouts | Full call number | Barcode | Date last seen | Copy number | Price effective from | Koha item type |
|---|---|---|---|---|---|---|---|---|---|---|---|---|---|---|---|
| Dewey Decimal Classification | Virtual | Virtual | Online | 14/08/2012 | ONLINE PUBLICATION | 157025-2001 | 06/08/2019 | 1 | 06/08/2019 | Book |